书目信息 |
| 题名: |
白雪公主逃亡记
|
|
| 作者: | 赵丽宏 著 ;纳瓦尔罗 绘 | |
| 分册: | ||
| 出版信息: | 杭州 浙江少年儿童出版社 2021.11 |
|
| 页数: | 114页 | |
| 开本: | 21cm | |
| 丛书名: | 赵丽宏温情守护系列 | |
| 单 册: | ||
| 中图分类: | I287.8 , I287.8 | |
| 科图分类: | ||
| 主题词: | 图画故事--tu hua gu shi--中国--当代 , 汉语拼音--han yu pin yin--语言读物 | |
| 电子资源: | ||
| ISBN: | 978-7-5597-2476-2 | |
| 000 | 01411oam2 2200301 450 | |
| 001 | 011025154727 | |
| 005 | 20221025154727.0 | |
| 010 | @a978-7-5597-2476-2@dCNY32.00 | |
| 100 | @a20201004d2021 cemy0chiy0120 ea | |
| 101 | 0 | @achi |
| 102 | @aCN@b330000 | |
| 105 | @aa z 000fy | |
| 106 | @ar | |
| 200 | 1 | @a白雪公主逃亡记@Abai xue gong zhu tao wang ji@e注音全彩故事本@f赵丽宏著@g(墨)克劳迪娅·纳瓦尔罗绘 |
| 210 | @a杭州@c浙江少年儿童出版社@d2021.11 | |
| 215 | @a114页@d21cm | |
| 225 | 2 | @a赵丽宏温情守护系列@Azhao li hong wen qing shou hu xi lie |
| 330 | @a《白雪公主逃亡记注音全彩故事本》是赵丽宏专门为小学中低年级孩子创作的儿童小说,是继《小黑虎注音全彩故事本》之后的“赵丽宏温情守护系列”的第二部作品,生动形象地讲述了一个关于爱的感人故事:小男孩郭亮亮去看马戏团表演,一只叫白雪公主的山羊在表演走钢丝的时候不幸摔落。受伤的白雪公主竟然逃到了郭亮亮的外婆家。郭亮亮的同学邱大宝发现了这个秘密。可是马戏团的胖经理却也来到了郭亮亮的外婆家!故事的最后,外婆和孩子们的爱改变了白雪公主的命运。 | |
| 410 | 0 | @12001 @a赵丽宏温情守护系列 |
| 606 | 0 | @a图画故事@Atu hua gu shi@y中国@z当代 |
| 606 | 0 | @a汉语拼音@Ahan yu pin yin@j语言读物 |
| 690 | @aI287.8@v5 | |
| 690 | @aI287.8@v5 | |
| 696 | @aI882.7@v4@2sef | |
| 696 | @aH125-48@v4@2sef | |
| 701 | 0 | @a赵丽宏@Azhao li hong@f(1952-)@4著 |
| 702 | 0 | @c(墨)@a纳瓦尔罗@Ana wa er luo@g(Navarro, Claudia)@4绘 |
| 905 | @a河南城建学院图书馆@dI287.8@eZ312 | |
| 白雪公主逃亡记:注音全彩故事本/赵丽宏著/(墨)克劳迪娅·纳瓦尔罗绘.-杭州:浙江少年儿童出版社,2021.11 |
| 114页;21cm.-(赵丽宏温情守护系列) |
| ISBN 978-7-5597-2476-2:CNY32.00 |
| 《白雪公主逃亡记注音全彩故事本》是赵丽宏专门为小学中低年级孩子创作的儿童小说,是继《小黑虎注音全彩故事本》之后的“赵丽宏温情守护系列”的第二部作品,生动形象地讲述了一个关于爱的感人故事:小男孩郭亮亮去看马戏团表演,一只叫白雪公主的山羊在表演走钢丝的时候不幸摔落。受伤的白雪公主竟然逃到了郭亮亮的外婆家。郭亮亮的同学邱大宝发现了这个秘密。可是马戏团的胖经理却也来到了郭亮亮的外婆家!故事的最后,外婆和孩子们的爱改变了白雪公主的命运。 |
| ● |
| 相关链接 |
|
|
|
正题名:白雪公主逃亡记
索取号:I287.8/Z312
 
预约/预借
| 序号 | 登录号 | 条形码 | 馆藏地/架位号 | 状态 | 备注 |
| 1 | 1591538 | 215915384 | 文学库116/116文学库 13排4列2层/ [索取号:I287.8/Z312] | 在馆 | |
| 2 | 1591539 | 215915393 | 文学库116/116文学库 13排4列2层/ [索取号:I287.8/Z312] |
已借出,限还日期为2024.03.30 借出人:王冬梅 |